Les ames mortes (Registro nro. 308538)

Detalles MARC
000 -ENCABEZADO
Número de control [NR] 01438nam a22002657a 4500
005 - FECHA Y HORA DE LA ÚLTIMA TRANSACCIÓN
control field 20171110104341.0
008 - DE LONGITUD FIJA DE DATOS DE ELEMENTOS - INFORMACIÓN GENERAL
Elementos de longitud fija [NR] 130821n fr fr 0 f fre
040 ## - FUENTE DE CATALOGACION [NR]
Agencia de catalogación original [NR] Co-BoUCM
Idioma de catalogación [NR] spa
Quien Cataloga Sandra Yazo
Quien Clasifica Sandra Yazo
041 1# - CODIGO DE IDIOMA [R]
Código de idioma para texto/pista de sonido o título separado [R] Francés
082 04 - NUMERO DE CLASIFICACION DECIMAL DEWEY [R]
Número de clasificación [R] 891.7
Número del ítem [NR] G64
Número de la edición [NR] 1925
092 ## - SIGNATURA TOPOGRAFICA LOCAL
Número de clasificación local E44N058
100 1# - ASIENTO PRINCIPAL--NOMBRE PERSONAL [NR]
Nombre personal [NR] Gogol, Nikolaii
Fechas asociadas con el nombre [NR] 1809-1852
ID Autoridad 69100
242 00 - TRADUCCION DEL TITULO POR LA AGENCIA CATALOGADORA [R]
Título [NR] Las almas muertas
Mención de responsabilidad, etc. [NR] Nicolas Gogol ; Traducción del ruso por Marc Semenoff
Código de idioma del título traducido [NR] spa
245 14 - MENCION DE TITULO [NR]
Título [NR] Les ames mortes
Mención de responsabilidad, etc. [NR] Nicolas Gogol ; Traduit du russe par Marc Semenoff
260 ## - PUBLICACION, DISTRIBUCION, ETC. (PIE DE IMPRENTA) [R]
Lugar de publicación, distribución, etc. [R] París (Francia)
Nombre del editor, distribuidor, etc. [R] Société d’Éditions Littéraires et Artistiques Librairie Ollendorff [Compañía de ediciones literarias y artísticas Librería Ollendorff] ; Imp. Félix Lainé [Imprenta de Félix Lainé]
Fecha de publicación, distribución, etc. [R] [fecha desconocida]
300 ## - DESCRIPCION FISICA [R]
Extensión [R] 219 páginas
Dimensiones [R] 20 x 14 cm.
500 ## - NOTA GENERAL [R]
Nota general [NR] Detalles físicos: Encuadernación rígida (holandesa) en cartón duro, forrado en papel jaspeado. Lomo de tela texturizada, con adornos en dorado. Guardas. Anteportada. Portada impresa en una sola tinta con marca tipográfica del editor. Texto impreso en una sola columna. Notas de pie de página. Hoja con las páginas 35 y 36
506 ## - NOTA DE RESTRICCIONES DE ACCESO [R]
Condiciones de acceso [NR] Consulta en sala
546 ## - NOTA DE IDIOMA [R]
Nota de idioma [NR] Texto en francés
650 #7 - ASIENTO SECUNDARIO DE MATERIA - TERMINO TEMATICO [R]
Término temático o nombre geográfico como elemento de entrada [NR] Literatura rusa
Subdivisión cronológica [R] Siglo XIX
9 (RLIN) 18740
650 #7 - ASIENTO SECUNDARIO DE MATERIA - TERMINO TEMATICO [R]
Término temático o nombre geográfico como elemento de entrada [NR] Novela rusa
9 (RLIN) 20572
690 ## - ASUNTO AGREGADO LOCAL DE ENTRADA - TÉRMINO TEMÁTICO (OCLC, RLIN)
Acceso temático local Literatura europea
9 (RLIN) 26524
700 1# - ASIENTO SECUNDARIO - NOMBRE PERSONAL [R]
Nombre personal [NR] Semenoff, Marc
Término de relación [R] traductor
9 (RLIN) 88809
942 ## - ELEMENTOS DE ENTRADA AGREGADOS (KOHA)
Tipo de ítem principal el descrito en 300a Libro
Edición 1
Título oculto en OPAC No
Sistema de clasificación LOCAL
Clasificación E44N058
Existencias
Suprimido Perdido Sistema de clasificación Dañado No prestable Tipo de ítem específico Ubicación habitual Ubicación actual Localización Fecha de creación Forma de adquisición Costo Total préstamos Signatura topográfica Código de barras Última vez visto Ejemplar Price effective from Tipo de ítem
    LOCAL     Libro archivo Archivo Histórico Archivo Histórico Archivo histórico 10/11/2017 Donación 0.00   E44N058 L006373 10/11/2017 Ej.1 10/11/2017 Libro